000 00729nam a2200265Ia 4500
005 20260302114657.0
008 008 260114s9999 xx 000 0 eng d
020 _a9781978748422
037 _aTextbook
040 _aCRL
040 _beng
040 _cCRL
041 _2eng
041 _aeng
084 _qCRL
100 _aRussell Brickey
_91119420
245 0 _aEdward FitzGerald's Rubáiyát of Omar Khayyám Revisited The Wine, the Vine, and the Rose
260 _bBloomsbury
260 _bLexington Books
260 _c2025
650 _aLiterary Studies
856 _uhttps://doi.org/10.5040/9781978748422?locatt=label:secondary_bloomsburyCollections
942 _cEBOOK
999 _c1683451
_d1683451